[Event "Oberliga Ost B 2017 2018"]
[Site "Germany"]
[Date "2018.04.14"]
[Round "10.7"]
[White "Rudolf, Henning"]
[Black "Olesiak, Marcin"]
[Result "1/2-1/2"]
[WhiteElo "1864"]
[BlackElo "2076"]
[PlyCount "49"]
[EventDate "2017.10.22"]
[EventType "team-tourn"]
[EventCountry "GER"]
[WhiteTeam "Sangerhausen SV"]
[BlackTeam "Oberursel SV"]
[WhiteTeamCountry "GER"]
[BlackTeamCountry "GER"]

1. e4 c5 2. Nf3 d6 3. Bb5+ Bd7 4. Bxd7+ Nxd7 5. O-O Ngf6 6. d3 e6 7. h3 Be7 8.
Bf4 O-O 9. Nbd2 a6 10. a4 b5 11. axb5 axb5 12. e5 Nd5 13. Bg3 dxe5 14. Nxe5
Nxe5 15. Bxe5 Bf6 16. Rxa8 Qxa8 17. Bxf6 Nxf6 18. Nb3 Qd5 19. Qe2 Ra8 20. c4
bxc4 21. dxc4 Qe4 22. Qxe4 Nxe4 23. Rd1 Rb8 24. f3 g6 25. Rd3 1/2-1/2

[Event "Oberliga Ost B 2017 2018"]
[Site "Germany"]
[Date "2018.04.14"]
[Round "10.8"]
[White "Stork, Oliver"]
[Black "Gremmer, Dieter"]
[Result "1-0"]
[WhiteElo "2093"]
[BlackElo "1762"]
[PlyCount "73"]
[EventDate "2017.10.22"]
[EventType "team-tourn"]
[EventCountry "GER"]
[WhiteTeam "Oberursel SV"]
[BlackTeam "Sangerhausen SV"]
[WhiteTeamCountry "GER"]
[BlackTeamCountry "GER"]

1. c4 e5 2. g3 Nf6 3. Bg2 Bc5 4. Nc3 c6 5. e3 O-O 6. Nge2 a6 7. O-O d5 8. d4
exd4 9. exd4 Ba7 10. cxd5 Nxd5 11. Nxd5 cxd5 12. Qb3 Nc6 13. Be3 Qd7 14. Nf4
Nxd4 15. Bxd4 Bxd4 16. Rad1 Ba7 17. Nxd5 Qd6 18. Rfe1 Qc5 19. Rd2 Rb8 20. Qd3
Be6 21. b4 Qb5 22. Qxb5 axb5 23. Nc7 Bc4 24. Bf1 g6 25. Nxb5 Bxb5 26. Bxb5 Rfd8
27. Red1 Bb6 28. Rd7 Rdc8 29. Ba4 Rd8 30. Bb3 Rf8 31. a4 Bd8 32. Bxf7+ Kh8 33.
a5 Bf6 34. Bd5 Bc3 35. Rb1 Bd4 36. Bxb7 Rxf2 37. Rxd4 1-0

[Event "Oberliga Ost B 2017 2018"]
[Site "Germany"]
[Date "2018.04.15"]
[Round "11.1"]
[White "Mueller, Maximilian"]
[Black "Teske, Henrik"]
[Result "1/2-1/2"]
[WhiteElo "2313"]
[BlackElo "2471"]
[PlyCount "40"]
[EventDate "2017.10.22"]
[EventType "team-tourn"]
[EventCountry "GER"]
[WhiteTeam "Gernsheim SK"]
[BlackTeam "Erfurt SV Empor"]
[WhiteTeamCountry "GER"]
[BlackTeamCountry "GER"]

1. d4 Nf6 2. Nf3 e6 3. c4 d5 4. Nc3 c5 5. cxd5 Nxd5 6. e4 Nxc3 7. bxc3 cxd4 8.
cxd4 Bb4+ 9. Bd2 Bxd2+ 10. Qxd2 O-O 11. Bc4 b6 12. O-O Nd7 13. Rad1 Bb7 14.
Rfe1 Rc8 15. Bb3 Re8 16. h3 Nf6 17. Qf4 Nh5 18. Qg4 Nf6 19. Qf4 Nh5 20. Qg4 Nf6
1/2-1/2

[Event "Oberliga Ost B 2017 2018"]
[Site "Germany"]
[Date "2018.04.15"]
[Round "11.2"]
[White "Langheinrich, Ferenc"]
[Black "Mazurek, Robert"]
[Result "1-0"]
[WhiteElo "2373"]
[BlackElo "2152"]
[PlyCount "99"]
[EventDate "2017.10.22"]
[EventType "team-tourn"]
[EventCountry "GER"]
[WhiteTeam "Erfurt SV Empor"]
[BlackTeam "Gernsheim SK"]
[WhiteTeamCountry "GER"]
[BlackTeamCountry "GER"]

1. e4 e5 2. Nf3 Nc6 3. Bb5 Nf6 4. O-O Bc5 5. Bxc6 dxc6 6. d3 Nd7 7. Be3 Bd6 8.
Nbd2 O-O 9. Nc4 f6 10. Nfd2 Rf7 11. f4 exf4 12. Nxd6 cxd6 13. Bxf4 Ne5 14. Kh1
Bg4 15. Qe1 Qd7 16. h3 Be6 17. Qg3 Rd8 18. Rae1 Ng6 19. Be3 Rdf8 20. a3 a6 21.
b4 Ne5 22. Bd4 Kh8 23. Kh2 Ng6 24. Nf3 Re8 25. Bb2 d5 26. Nd4 dxe4 27. Rxe4
Rff8 28. h4 Bd5 29. Rxe8 Rxe8 30. h5 Ne5 31. Nf5 Be6 32. Ne3 Qf7 33. Qh4 Qc7
34. Qg3 Qf7 35. Qh4 Qc7 36. Qf4 Qf7 37. h6 Nd7 38. hxg7+ Kxg7 39. Rf3 Rg8 40.
Bd4 Rf8 41. Kg1 Kh8 42. Kf2 Kg7 43. Ke1 Re8 44. Kd2 Rf8 45. g4 Kg8 46. Rg3 Re8
47. g5 f5 48. g6 hxg6 49. Qh6 Nf8 50. Qh8# 1-0

[Event "Oberliga Ost B 2017 2018"]
[Site "Germany"]
[Date "2018.04.15"]
[Round "11.3"]
[White "Peterson, Emery"]
[Black "Friedrich, Wiede"]
[Result "1/2-1/2"]
[WhiteElo "2165"]
[BlackElo "2334"]
[PlyCount "56"]
[EventDate "2017.10.22"]
[EventType "team-tourn"]
[EventCountry "GER"]
[WhiteTeam "Gernsheim SK"]
[BlackTeam "Erfurt SV Empor"]
[WhiteTeamCountry "GER"]
[BlackTeamCountry "GER"]

1. e4 e5 2. Nf3 Nc6 3. d4 exd4 4. Nxd4 Bb4+ 5. c3 Be7 6. Be3 Nf6 7. Nd2 O-O 8.
Be2 d5 9. Nxc6 bxc6 10. O-O dxe4 11. Qa4 Qd5 12. Rad1 c5 13. Nc4 Qe6 14. Qa5
Ba6 15. Bxc5 Bxc4 16. Bxc4 Qe5 17. Bb6 Ng4 18. Bxc7 Qxa5 19. Bxa5 e3 20. f3 e2
21. fxg4 Bc5+ 22. Kh1 exf1=Q+ 23. Rxf1 Rae8 24. h3 Re4 25. b3 g6 26. Bb4 Bxb4
27. cxb4 Kg7 28. b5 f5 1/2-1/2

[Event "Oberliga Ost B 2017 2018"]
[Site "Germany"]
[Date "2018.04.15"]
[Round "11.4"]
[White "Michalowski, Peter"]
[Black "Nies, Peter"]
[Result "1/2-1/2"]
[WhiteElo "2064"]
[BlackElo "2087"]
[PlyCount "46"]
[EventDate "2017.10.22"]
[EventType "team-tourn"]
[EventCountry "GER"]
[WhiteTeam "Erfurt SV Empor"]
[BlackTeam "Gernsheim SK"]
[WhiteTeamCountry "GER"]
[BlackTeamCountry "GER"]

1. e4 e6 2. d4 d5 3. Nc3 Nf6 4. e5 Nfd7 5. f4 c5 6. Nf3 Nc6 7. Be3 cxd4 8. Nxd4
Bc5 9. Qd2 O-O 10. O-O-O a6 11. Qf2 Bxd4 12. Bxd4 b5 13. Bd3 b4 14. Ne2 a5 15.
Bb5 Nxd4 16. Nxd4 Ba6 17. Bxd7 Qxd7 18. f5 exf5 19. Nxf5 a4 20. Rxd5 Qe6 21.
Kb1 b3 22. cxb3 axb3 23. a3 Bb7 1/2-1/2

[Event "Oberliga Ost B 2017 2018"]
[Site "Germany"]
[Date "2018.04.15"]
[Round "11.5"]
[White "Rosenberger, Frank"]
[Black "Weishaeutel, Moritz"]
[Result "0-1"]
[WhiteElo "2110"]
[BlackElo "1983"]
[PlyCount "172"]
[EventDate "2017.10.22"]
[EventType "team-tourn"]
[EventCountry "GER"]
[WhiteTeam "Gernsheim SK"]
[BlackTeam "Erfurt SV Empor"]
[WhiteTeamCountry "GER"]
[BlackTeamCountry "GER"]

1. e4 c5 2. Nf3 e6 3. Nc3 Nc6 4. d4 cxd4 5. Nxd4 Qc7 6. Be2 Nf6 7. Be3 a6 8.
O-O b5 9. Nxc6 dxc6 10. Qd3 Bb7 11. Bg5 Be7 12. Qe3 b4 13. Na4 Qa5 14. b3 c5
15. e5 Nd5 16. Qg3 Bxg5 17. Qxg5 O-O 18. Bd3 h6 19. Qg4 Qc7 20. Rae1 Rad8 21.
f4 Bc6 22. Nb2 Bb5 23. Nc4 Nb6 24. Rf3 Rd4 25. Rg3 f5 26. exf6 Rxf6 27. Rxe6
Rdxf4 28. Rxf6 Rxg4 29. Rxg4 Nxc4 30. bxc4 Bd7 31. Rgg6 Be8 32. Rxa6 Bxg6 33.
Bxg6 Qc8 34. Ra7 Qd8 35. Bf7+ Kf8 36. Bd5 Qg5 37. h3 Qc1+ 38. Kh2 Qxc2 39. Rf7+
Ke8 40. Ra7 g5 41. Ra5 Kd7 42. Rxc5 Qxa2 43. Rb5 Qb2 44. Bg8 b3 45. c5 Qe5+ 46.
Kh1 Qa1+ 47. Kh2 b2 48. Bh7 Kc6 49. Rb6+ Kxc5 50. Rxh6 b1=Q 51. Bxb1 Qxb1 52.
h4 Qb8+ 53. Kh3 Qc8+ 54. Kg3 Qc7+ 55. Kh3 Qd7+ 56. Kh2 Qc7+ 57. Kh3 g4+ 58.
Kxg4 Qg7+ 59. Kh5 Qxg2 60. Rg6 Qf3+ 61. Kh6 Qf4+ 62. Kh5 Kd5 63. Rg5+ Ke6 64.
Rg6+ Kf7 65. Rg7+ Kf8 66. Rg5 Qf3+ 67. Kh6 Qh3 68. h5 Qe3 69. Kg6 Qe6+ 70. Kh7
Qf7+ 71. Kh6 Qf6+ 72. Rg6 Qf4+ 73. Kh7 Qe5 74. Kh6 Kf7 75. Rg4 Qe3+ 76. Kh7 Qf3
77. Rg7+ Kf6 78. Kh6 Qe3+ 79. Kh7 Qe4+ 80. Kh6 Qe8 81. Rg6+ Kf5 82. Kg7 Qd7+
83. Kh6 Qe7 84. Rg7 Qe8 85. Rg5+ Kf4 86. Rg1 Qh8+ 0-1

[Event "Oberliga Ost B 2017 2018"]
[Site "Germany"]
[Date "2018.04.15"]
[Round "11.6"]
[White "Sieber, Stephan"]
[Black "Neumann, Martin"]
[Result "0-1"]
[WhiteElo "2217"]
[BlackElo "2049"]
[PlyCount "68"]
[EventDate "2017.10.22"]
[EventType "team-tourn"]
[EventCountry "GER"]
[WhiteTeam "Erfurt SV Empor"]
[BlackTeam "Gernsheim SK"]
[WhiteTeamCountry "GER"]
[BlackTeamCountry "GER"]

1. e4 e5 2. Nf3 Nc6 3. Bb5 a6 4. Ba4 d6 5. c3 Nf6 6. Qe2 g6 7. O-O Bg7 8. Rd1
O-O 9. d3 Nh5 10. h3 Nf4 11. Bxf4 exf4 12. d4 h6 13. Nbd2 Re8 14. d5 b5 15.
dxc6 bxa4 16. Qc4 a3 17. b3 Qf6 18. Rac1 g5 19. Nd4 h5 20. f3 g4 21. fxg4 hxg4
22. hxg4 Bxg4 23. Re1 Re5 24. N2f3 Bxf3 25. Nxf3 Rc5 26. Qb4 Re8 27. Qxa3 Qg6
28. Qxa6 Bxc3 29. Rf1 Rxe4 30. Qd3 Re3 31. Qxg6+ fxg6 32. Rc2 Rd5 33. Rfc1 Ba5
34. Kf1 Rh5 0-1

[Event "Oberliga Ost B 2017 2018"]
[Site "Germany"]
[Date "2018.04.15"]
[Round "11.7"]
[White "Peters, Ingo"]
[Black "Heinke, Jasper"]
[Result "1/2-1/2"]
[WhiteElo "2097"]
[BlackElo "1940"]
[PlyCount "96"]
[EventDate "2017.10.22"]
[EventType "team-tourn"]
[EventCountry "GER"]
[WhiteTeam "Gernsheim SK"]
[BlackTeam "Erfurt SV Empor"]
[WhiteTeamCountry "GER"]
[BlackTeamCountry "GER"]

1. e4 e6 2. d4 d5 3. Nc3 Bb4 4. e5 c5 5. Bd2 cxd4 6. Nb5 Bc5 7. b4 Bf8 8. Nxd4
Qb6 9. c3 Nc6 10. Ngf3 Bd7 11. Bd3 Nh6 12. O-O Nf5 13. Nxf5 exf5 14. Re1 Be7
15. Bg5 h6 16. Bxe7 Nxe7 17. Nd4 O-O 18. Qf3 Rac8 19. Rac1 a5 20. a3 axb4 21.
axb4 Qg6 22. Qg3 Qxg3 23. hxg3 Be6 24. Kf1 g6 25. f4 Ra8 26. Ra1 Rfc8 27. Rxa8
Rxa8 28. Bb5 Ra3 29. Rc1 Kf8 30. Rc2 h5 31. Ke2 Ng8 32. Kd2 Nh6 33. Be2 Bd7 34.
Bf3 Be6 35. Nb5 Ra1 36. Nc7 Ng4 37. Nxd5 Rf1 38. Rc1 Rf2+ 39. Ke1 Rb2 40. Bxg4
Bxd5 41. Bf3 Bxf3 42. gxf3 Rh2 43. c4 h4 44. gxh4 Rxh4 45. Kf2 Rxf4 46. Ke3 g5
47. b5 Ke7 48. c5 Rb4 1/2-1/2

[Event "Oberliga Ost B 2017 2018"]
[Site "Germany"]
[Date "2018.04.15"]
[Round "11.8"]
[White "Pichl, Michael"]
[Black "Rolf, Marco"]
[Result "0-1"]
[WhiteElo "2049"]
[BlackElo "2082"]
[PlyCount "102"]
[EventDate "2017.10.22"]
[EventType "team-tourn"]
[EventCountry "GER"]
[WhiteTeam "Erfurt SV Empor"]
[BlackTeam "Gernsheim SK"]
[WhiteTeamCountry "GER"]
[BlackTeamCountry "GER"]

1. g3 d5 2. Bg2 Nf6 3. Nf3 c6 4. O-O Bf5 5. d3 e6 6. Nbd2 Be7 7. c4 O-O 8. Qc2
h6 9. Rb1 a5 10. b3 Na6 11. a3 Rc8 12. Bb2 Bh7 13. Bxf6 Bxf6 14. b4 axb4 15.
axb4 Qe7 16. b5 Nb4 17. Qb3 c5 18. Ne1 Rfd8 19. Nc2 dxc4 20. Nxc4 Nxc2 21. Qxc2
Rd4 22. Rb3 Rcd8 23. Ra3 e5 24. Ra7 e4 25. dxe4 Bxe4 26. Bxe4 Qxe4 27. Qxe4
Rxe4 28. Rc1 Rdd4 29. Na5 b6 30. Nc6 Rd2 31. Rb7 Rexe2 32. Rf1 c4 33. Rxb6 c3
34. Rb8+ Kh7 35. b6 c2 36. b7 Rxf2 37. Rc1 Rfe2 38. Kf1 Rxh2 39. Kg1 Rhe2 40.
Kf1 Rh2 41. Kg1 Bg5 42. Re8 Rdg2+ 43. Kf1 Rf2+ 44. Kg1 Rfg2+ 45. Kf1 Bxc1 46.
b8=Q Rf2+ 47. Kg1 Be3 48. Rh8+ Kg6 49. Ne5+ Kh5 50. g4+ Kh4 51. Ng6+ Kh3 0-1

[Event "Oberliga Ost B 2017 2018"]
[Site "Germany"]
[Date "2018.04.15"]
[Round "11.1"]
[White "Zimmermann, Hendrik"]
[Black "Konopka, Michal"]
[Result "1/2-1/2"]
[WhiteElo "2175"]
[BlackElo "2391"]
[PlyCount "44"]
[EventDate "2017.10.22"]
[EventType "team-tourn"]
[EventCountry "GER"]
[WhiteTeam "Frankfurt SC Koenig Nied"]
[BlackTeam "Schoeneck SF"]
[WhiteTeamCountry "GER"]
[BlackTeamCountry "GER"]

1. e4 Nf6 2. e5 Nd5 3. d4 d6 4. Nf3 dxe5 5. Nxe5 c6 6. Be2 g6 7. O-O Bg7 8. c4
Nc7 9. f4 O-O 10. Nc3 Nd7 11. Be3 Ne6 12. Qd2 c5 13. d5 Nd4 14. Nf3 Nxe2+ 15.
Qxe2 Re8 16. Qf2 b6 17. f5 gxf5 18. Qg3 e5 19. dxe6 Rxe6 20. Bg5 Qf8 21. Nd5 h6
22. Bd2 Rg6 1/2-1/2

[Event "Oberliga Ost B 2017 2018"]
[Site "Germany"]
[Date "2018.04.15"]
[Round "11.2"]
[White "Marchio, Enrico"]
[Black "Uwira, Oliver"]
[Result "1-0"]
[WhiteElo "2292"]
[BlackElo "2251"]
[PlyCount "101"]
[EventDate "2017.10.22"]
[EventType "team-tourn"]
[EventCountry "GER"]
[WhiteTeam "Schoeneck SF"]
[BlackTeam "Frankfurt SC Koenig Nied"]
[WhiteTeamCountry "GER"]
[BlackTeamCountry "GER"]

1. Nf3 Nf6 2. c4 c6 3. Nc3 d5 4. e3 a6 5. d4 Bf5 6. Nh4 Bg4 7. f3 Bc8 8. f4 e6
9. Nf3 Nbd7 10. c5 b6 11. cxb6 c5 12. Bd3 Bd6 13. O-O O-O 14. b3 cxd4 15. exd4
Qxb6 16. Kh1 Qc7 17. Ne2 Bb7 18. Be3 Ne4 19. Rc1 Qa5 20. Bxe4 dxe4 21. Nd2 Nb6
22. Qc2 Ba3 23. Rb1 Rac8 24. Nc4 Qb4 25. Bc1 Bxc1 26. Rfxc1 Qe7 27. Qd2 Nd5 28.
Ne3 Nb4 29. Rxc8 Rxc8 30. Rc1 Rxc1+ 31. Nxc1 Qc7 32. Ne2 Nd3 33. g3 h5 34. Qc3
Qd6 35. Kg1 h4 36. Kg2 hxg3 37. hxg3 Qa3 38. Qd2 g5 39. fxg5 Qe7 40. Qa5 e5 41.
dxe5 Qxg5 42. Qb6 Nxe5 43. Nf4 Nd3 44. Qd6 Qa5 45. Qb8+ Kg7 46. Nxd3 exd3+ 47.
Qxb7 Qxa2+ 48. Kf3 Qa1 49. Qd5 d2 50. Qxd2 Qf6+ 51. Kg2 1-0

[Event "Oberliga Ost B 2017 2018"]
[Site "Germany"]
[Date "2018.04.15"]
[Round "11.3"]
[White "Wege, Jochen"]
[Black "Nazarenus, Moritz"]
[Result "0-1"]
[WhiteElo "2294"]
[BlackElo "2241"]
[PlyCount "72"]
[EventDate "2017.10.22"]
[EventType "team-tourn"]
[EventCountry "GER"]
[WhiteTeam "Frankfurt SC Koenig Nied"]
[BlackTeam "Schoeneck SF"]
[WhiteTeamCountry "GER"]
[BlackTeamCountry "GER"]

1. e4 c6 2. d4 d5 3. e5 Bf5 4. h4 h5 5. Bd3 Bxd3 6. Qxd3 e6 7. Bg5 Qa5+ 8. Nd2
Ne7 9. Ne2 Qa6 10. c4 c5 11. O-O Nbc6 12. Rac1 Nf5 13. Nf3 Nb4 14. Qd2 dxc4 15.
Nf4 Nd3 16. Nxd3 cxd3 17. dxc5 Be7 18. Rc3 O-O 19. Bxe7 Nxe7 20. Rxd3 Qxa2 21.
Rd7 Ng6 22. Rxb7 Qc4 23. Rc1 Qe4 24. Rb4 Qc6 25. Qg5 Rfb8 26. Rxb8+ Rxb8 27.
Rc4 Qd5 28. Rd4 Qxc5 29. Qxh5 Nf4 30. Rxf4 Qc1+ 31. Ne1 Qxf4 32. Nd3 Qe4 33.
Nc5 Qd4 34. Na6 Rxb2 35. Qg5 Rxf2 36. Qd8+ Qxd8 0-1

[Event "Oberliga Ost B 2017 2018"]
[Site "Germany"]
[Date "2018.04.15"]
[Round "11.4"]
[White "Schaack, Harry"]
[Black "Staller, Peter"]
[Result "0-1"]
[WhiteElo "2207"]
[BlackElo "2267"]
[PlyCount "60"]
[EventDate "2017.10.22"]
[EventType "team-tourn"]
[EventCountry "GER"]
[WhiteTeam "Schoeneck SF"]
[BlackTeam "Frankfurt SC Koenig Nied"]
[WhiteTeamCountry "GER"]
[BlackTeamCountry "GER"]

1. e4 e6 2. d4 d5 3. e5 c5 4. c3 Nc6 5. Nf3 Bd7 6. a3 Rc8 7. b4 cxd4 8. cxd4
Qb6 9. Be3 Nh6 10. Bd3 Nf5 11. O-O h5 12. Nbd2 Be7 13. Nb3 g6 14. Qd2 O-O 15.
h3 Nxe3 16. fxe3 Kg7 17. Nc5 Be8 18. Rac1 a6 19. Qe2 Na7 20. Nd2 Bb5 21. Ndb3
Bxd3 22. Qxd3 Qb5 23. Qxb5 Nxb5 24. Nxb7 Nxa3 25. Rxc8 Rxc8 26. N3c5 Rc6 27.
Rc1 Nc4 28. Kf2 Nxe3 29. Ra1 Nc2 30. Nxa6 Nxa1 0-1

[Event "Oberliga Ost B 2017 2018"]
[Site "Germany"]
[Date "2018.04.15"]
[Round "11.5"]
[White "Chandler, Patrick"]
[Black "Everett, Elijah"]
[Result "0-1"]
[WhiteElo "2211"]
[BlackElo "2168"]
[PlyCount "142"]
[EventDate "2017.10.22"]
[EventType "team-tourn"]
[EventCountry "GER"]
[WhiteTeam "Frankfurt SC Koenig Nied"]
[BlackTeam "Schoeneck SF"]
[WhiteTeamCountry "GER"]
[BlackTeamCountry "GER"]

1. d4 Nf6 2. Nf3 g6 3. Bf4 Bg7 4. Nc3 d5 5. h3 O-O 6. e3 c5 7. Nb5 Na6 8. c3
Bd7 9. a4 cxd4 10. exd4 Ne4 11. Qb3 Be6 12. Be2 f6 13. O-O Bf7 14. Rfe1 Qd7 15.
Bh2 Rfc8 16. Rad1 Nb8 17. Na3 Nc6 18. Qc2 Na5 19. Bb5 Qd8 20. Bd3 Nd6 21. Qe2
Bf8 22. Nd2 Qd7 23. b4 Qxa4 24. Nb5 Nac4 25. Nxd6 exd6 26. Bxc4 dxc4 27. Ne4 f5
28. Nxd6 Bxd6 29. Bxd6 Re8 30. Be5 Bd5 31. Ra1 Qc6 32. f3 b6 33. Qe3 a5 34. Qh6
Qd7 35. bxa5 Rxa5 36. Rab1 b5 37. Bf6 Re6 38. Rxe6 Bxe6 39. Re1 Ra7 40. Qe3 Kf7
41. Bh4 Ra6 42. Qe5 Kg8 43. Qb8+ Kg7 44. Bg3 g5 45. Be5+ Kg6 46. Rb1 Ra3 47.
Qf8 Rb3 48. Qf6+ Kh5 49. g4+ fxg4 50. hxg4+ Bxg4 51. Rc1 Qf5 52. Kf2 Rb2+ 53.
Kg3 Qxf6 54. Bxf6 Bf5 55. f4 g4 56. Re1 Rd2 57. Re3 Kg6 58. Be7 h5 59. Bb4 Rd1
60. Bc5 Rh1 61. Kg2 Rd1 62. Kg3 Rd3 63. d5 Rxd5 64. Be7 Rd2 65. Bb4 Rd1 66. Bc5
Bc8 67. Bb4 Rh1 68. Re7 h4+ 69. Kg2 Rd1 70. Rc7 Be6 71. Be7 h3+ 0-1

[Event "Oberliga Ost B 2017 2018"]
[Site "Germany"]
[Date "2018.04.15"]
[Round "11.6"]
[White "Stockmann, Michael"]
[Black "Graf, Gerd"]
[Result "0-1"]
[WhiteElo "2238"]
[BlackElo "2231"]
[PlyCount "82"]
[EventDate "2017.10.22"]
[EventType "team-tourn"]
[EventCountry "GER"]
[WhiteTeam "Schoeneck SF"]
[BlackTeam "Frankfurt SC Koenig Nied"]
[WhiteTeamCountry "GER"]
[BlackTeamCountry "GER"]

1. d4 g6 2. Nf3 Bg7 3. g3 d6 4. Bg2 Nd7 5. c4 e5 6. Nc3 Ne7 7. O-O O-O 8. e4
exd4 9. Nxd4 Nc6 10. Nde2 Re8 11. h3 Nc5 12. Be3 a5 13. Qd2 Ne5 14. Bxc5 dxc5
15. Qxd8 Rxd8 16. Rad1 Be6 17. b3 Rxd1 18. Rxd1 a4 19. f4 axb3 20. axb3 Nc6 21.
Nb5 Ra2 22. Nec3 Bxc3 23. Nxc3 Ra3 24. Nb5 Rxb3 25. Nxc7 Bxc4 26. Rc1 b5 27. e5
Nd4 28. Ra1 Kf8 29. Ra8+ Ke7 30. Ne8 Rb1+ 31. Kh2 Rb2 32. Kh1 Rb1+ 33. Kh2 Rb2
34. Kh1 Rxg2 35. Nf6 Ke6 36. g4 Rxg4 37. hxg4 Bd5+ 38. Nxd5 Kxd5 39. Ra7 c4 40.
Rxf7 c3 41. Rd7+ Kc5 0-1

[Event "Oberliga Ost B 2017 2018"]
[Site "Germany"]
[Date "2018.04.15"]
[Round "11.7"]
[White "Haenisch, Uwe"]
[Black "Meyer, Kai Christian"]
[Result "1-0"]
[WhiteElo "2195"]
[BlackElo "2158"]
[PlyCount "61"]
[EventDate "2017.10.22"]
[EventType "team-tourn"]
[EventCountry "GER"]
[WhiteTeam "Frankfurt SC Koenig Nied"]
[BlackTeam "Schoeneck SF"]
[WhiteTeamCountry "GER"]
[BlackTeamCountry "GER"]

1. e4 c6 2. d3 d5 3. Nd2 Nf6 4. e5 Nfd7 5. d4 e6 6. Bd3 c5 7. c3 Nc6 8. Ngf3
Qb6 9. O-O cxd4 10. cxd4 Nxd4 11. Nxd4 Qxd4 12. Nf3 Qb6 13. Qc2 h6 14. Bf4 Be7
15. Rac1 O-O 16. Be3 Qa5 17. a3 f6 18. Bh7+ Kh8 19. Qg6 Nxe5 20. Nxe5 fxe5 21.
Bxh6 Bf6 22. Rc3 gxh6 23. Qxh6 Bg7 24. Qh5 Rf6 25. Bg6+ Kg8 26. h4 d4 27. Rg3
Qd2 28. Rg5 Qf4 29. g3 Qd2 30. Qh7+ Kf8 31. Bh5 1-0

[Event "Oberliga Ost B 2017 2018"]
[Site "Germany"]
[Date "2018.04.15"]
[Round "11.8"]
[White "Poetsch, Gero"]
[Black "Perlitz, Sven"]
[Result "0-1"]
[WhiteElo "1928"]
[BlackElo "2112"]
[PlyCount "76"]
[EventDate "2017.10.22"]
[EventType "team-tourn"]
[EventCountry "GER"]
[WhiteTeam "Schoeneck SF"]
[BlackTeam "Frankfurt SC Koenig Nied"]
[WhiteTeamCountry "GER"]
[BlackTeamCountry "GER"]

1. e4 c5 2. Nf3 Nc6 3. c3 Nf6 4. e5 Nd5 5. Bb5 Qc7 6. Bxc6 dxc6 7. O-O Bg4 8.
d4 e6 9. Be3 O-O-O 10. Nbd2 f6 11. Qa4 Kb8 12. Rac1 f5 13. dxc5 Bxf3 14. Nxf3
Nxe3 15. fxe3 Bxc5 16. Rfe1 Rd3 17. Qf4 Qb6 18. Nd4 Qxb2 19. Nxc6+ Ka8 20. Nd4
Rxc3 21. Rb1 Qa3 22. Qf3 Bb6 23. Rxb6 axb6 24. Nb5 Qc5 25. Nxc3 Qxc3 26. Rb1
Rc8 27. Qg3 h6 28. h3 g5 29. Rxb6 Qa1+ 30. Kh2 Rc1 31. Qf2 Rh1+ 32. Kg3 Qxe5+
33. Kf3 Qe4+ 34. Kg3 h5 35. Qd2 f4+ 36. exf4 gxf4+ 37. Qxf4 Qe1+ 38. Qf2 h4+
0-1

[Event "Oberliga Ost B 2017 2018"]
[Site "Germany"]
[Date "2018.04.15"]
[Round "11.1"]
[White "Brueggemann, Ludger"]
[Black "Lubbe, Nikolas"]
[Result "0-1"]
[WhiteElo "2285"]
[BlackElo "2515"]
[PlyCount "56"]
[EventDate "2017.10.22"]
[EventType "team-tourn"]
[EventCountry "GER"]
[WhiteTeam "Frankfurter TV"]
[BlackTeam "Neuberg SF"]
[WhiteTeamCountry "GER"]
[BlackTeamCountry "GER"]

1. e4 d5 2. exd5 Qxd5 3. Nc3 Qa5 4. g3 Nf6 5. Bg2 c6 6. Nge2 g6 7. O-O Bg7 8.
d3 O-O 9. Bd2 Qd8 10. b4 Nd5 11. Rb1 Be6 12. Ne4 Nc7 13. a4 Ba2 14. Ra1 Bd5 15.
Bc3 e5 16. f3 f5 17. Nf2 Nd7 18. Bb2 Re8 19. c4 Bf7 20. Ra3 Qe7 21. Qa1 Qxb4
22. Rb1 Qf8 23. Bc3 Nc5 24. f4 e4 25. Bxg7 Qxg7 26. d4 Bxc4 27. Bf1 N5e6 28.
Rxb7 Reb8 0-1

[Event "Oberliga Ost B 2017 2018"]
[Site "Germany"]
[Date "2018.04.15"]
[Round "11.2"]
[White "Lubbe, Melanie"]
[Black "Telljohann, Sven"]
[Result "1/2-1/2"]
[WhiteElo "2286"]
[BlackElo "2391"]
[PlyCount "62"]
[EventDate "2017.10.22"]
[EventType "team-tourn"]
[EventCountry "GER"]
[WhiteTeam "Neuberg SF"]
[BlackTeam "Frankfurter TV"]
[WhiteTeamCountry "GER"]
[BlackTeamCountry "GER"]

1. d4 c5 2. dxc5 e6 3. e4 Bxc5 4. Nc3 a6 5. Bd3 b5 6. a3 Bb7 7. Nh3 Nc6 8. O-O
Nf6 9. Kh1 Ne5 10. f4 Nxd3 11. cxd3 O-O 12. f5 e5 13. Qf3 Re8 14. g4 d5 15. g5
dxe4 16. dxe4 Nd7 17. Be3 Bxe3 18. Qxe3 Qb6 19. Qf3 Rad8 20. Nf2 Nc5 21. Rad1
Rd4 22. f6 g6 23. b4 Ne6 24. Qg3 Nf4 25. Qf3 Qc7 26. Ne2 Nxe2 27. Qxe2 Red8 28.
Kg1 Qb6 29. Qe3 Qe6 30. Rc1 R8d7 31. Rc5 h5 1/2-1/2

[Event "Oberliga Ost B 2017 2018"]
[Site "Germany"]
[Date "2018.04.15"]
[Round "11.3"]
[White "Diyap, Murat"]
[Black "Kuenstler, Christian"]
[Result "1/2-1/2"]
[WhiteElo "2093"]
[BlackElo "2274"]
[PlyCount "34"]
[EventDate "2017.10.22"]
[EventType "team-tourn"]
[EventCountry "GER"]
[WhiteTeam "Frankfurter TV"]
[BlackTeam "Neuberg SF"]
[WhiteTeamCountry "GER"]
[BlackTeamCountry "GER"]

1. e4 e6 2. Nf3 d5 3. Nc3 Nf6 4. e5 Nfd7 5. d4 c5 6. dxc5 Nc6 7. Bf4 Nxc5 8.
Bd3 Be7 9. h3 a6 10. Ne2 Qb6 11. b3 Bd7 12. c3 f6 13. O-O O-O 14. Bc2 a5 15.
exf6 gxf6 16. Ng3 Rf7 17. Re1 Bf8 1/2-1/2

[Event "Oberliga Ost B 2017 2018"]
[Site "Germany"]
[Date "2018.04.15"]
[Round "11.4"]
[White "Lutz, Klaus Juergen"]
[Black "Henrich, David"]
[Result "1/2-1/2"]
[WhiteElo "2258"]
[BlackElo "2092"]
[PlyCount "44"]
[EventDate "2017.10.22"]
[EventType "team-tourn"]
[EventCountry "GER"]
[WhiteTeam "Neuberg SF"]
[BlackTeam "Frankfurter TV"]
[WhiteTeamCountry "GER"]
[BlackTeamCountry "GER"]

1. e4 d6 2. d4 Nf6 3. Nc3 Nbd7 4. g4 h6 5. Bg2 e5 6. h3 c6 7. Nge2 b5 8. a3 a5
9. O-O Ba6 10. Ng3 b4 11. Nce2 g6 12. Be3 h5 13. g5 Nh7 14. h4 Be7 15. Re1 f6
16. f4 fxg5 17. fxg5 O-O 18. axb4 axb4 19. Qd2 Nb6 20. b3 c5 21. dxe5 dxe5 22.
Red1 Qc8 1/2-1/2

[Event "Oberliga Ost B 2017 2018"]
[Site "Germany"]
[Date "2018.04.15"]
[Round "11.5"]
[White "Medvedovski, Michael"]
[Black "Seifert, Christopher"]
[Result "0-1"]
[WhiteElo "2034"]
[BlackElo "2290"]
[PlyCount "58"]
[EventDate "2017.10.22"]
[EventType "team-tourn"]
[EventCountry "GER"]
[WhiteTeam "Frankfurter TV"]
[BlackTeam "Neuberg SF"]
[WhiteTeamCountry "GER"]
[BlackTeamCountry "GER"]

1. e4 g6 2. d4 Bg7 3. Nc3 c5 4. Nge2 cxd4 5. Nxd4 Nc6 6. Nb3 d6 7. Be2 a5 8. a4
Nf6 9. O-O O-O 10. Bg5 Be6 11. f4 Rc8 12. Bf3 Nd7 13. Kh1 Nb4 14. Nd4 Bxd4 15.
Qxd4 Nxc2 16. Qd2 Nxa1 17. Rxa1 Nc5 18. Re1 f6 19. Bh6 Re8 20. Be2 Kh8 21. g4
Bd7 22. Qd5 e6 23. Qd4 Bc6 24. Bb5 e5 25. Qd2 Qd7 26. f5 gxf5 27. gxf5 Qxf5 28.
Bg7+ Kxg7 29. Qg2+ Qg6 0-1